| 000 | 00573nam a2200193 u 4500 | ||
|---|---|---|---|
| 005 | 20240912063826.0 | ||
| 008 | 080508s2005 mx r 000 0 spa d | ||
| 020 | _a9707760419 | ||
| 035 | _aUPN01000155801 | ||
| 049 | _aI | ||
| 050 | 4 |
_aPZ71 _bC5.4 |
|
| 100 | 1 |
_aCinetto de González, Liliana Cristina, _d1967- _932491 |
|
| 245 | 1 | 0 |
_aCuentos de hoy/ _cLiliana Cinetto ; il. Carlos Paura. |
| 260 |
_aMéxico : _bEMAN, _c2005. |
||
| 300 | _a88 p. | ||
| 440 | 0 | _aBiblioteca de los pequeños lectores | |
| 650 | 4 |
_aCuentos infantiles argentinos _97466 |
|
| 905 | _aInfantil | ||
| 999 |
_c127915 _d127915 |
||